Pindare : Olympiques /

Gespeichert in:
Bibliographische Detailangaben
1. Verfasser: Píndaro (autor)
Weitere Verfasser: Puech, Aime (semblanza y notas) (semblanza y notas)
Format: Buch
Sprache:Französisch
Veröffentlicht: París, Francia : Les Belles Lettres, 1922, c1922
Schriftenreihe:(Collection des Universités de France)
Schlagworte:
Tags: Tag hinzufügen
Keine Tags, Fügen Sie das erste Tag hinzu!

MARC

LEADER 00000nam^a2200000^a^4500
001 000379761
005 20250526000000.0
009 20260310120536.2
037 |a Acervo Xavier Clavigero 
041 |a FRA 
082 |a 881.  |b PIN V. 1 
100 |a Píndaro  |e (autor) 
240 1 1 |a [Odas de Píndaro] 
240 1 1 |a [Olímpicas] 
245 1 0 |a Pindare :  |b Olympiques /  |c Píndaro ; semblanza y notas de A. Puech. 
264 4 |a París, Francia :  |b Les Belles Lettres,  |c 1922, c1922 
300 |a XXIX, 159 p. ;  |c 20.0 cm. 
336 |a texto  |b txt  |2 rdacontenido 
337 |a sin mediación  |b n  |2 rdamedio 
338 |a volumen  |b nc  |2 rdasoporte 
440 1 |a (Collection des Universités de France) 
545 0 |a Píndaro fue un poeta lírico griego (518?-438) quien se caracterizó por plasmar en odas sucesos heroicos y triunfales. Escritor del periodo clásico, el que para muchos estudiosos otorga las formas y estilos de expresión artística que perdurarán como los cánones a seguir, Píndaro recupera las grandes hazañas en las justas deportivas y religiosas como en sus Olímpicas, Píticas, Istmicas y Nemeas; o alabanzas a líderes militares como el de Egina tanto en himnos, peanes, partenios o cantos. Con un estilo complicado incluso para sus pares o para eruditos, Píndaro transciende en el tiempo gracias a la saturación retórica pero sobre todo por dar origen a grandes mitos griegos que en la actualidad todavía subsisten. 
561 |a Ex libris de Bibliotheca Coll. Max. Ysletensis S.J. 
561 |a Ex libris de Bibl. Junioratus San Cayetano 
562 |a Falta cubierta 
649 |a XX 
650 |a Escritores Griegos -  |x Biografías 
650 |a Juegos Olímpicos 
650 |a Oda -  |z Grecia 
650 |a Poesía Griega -  |x Historia y Crítica 
650 |a Poesía Griega 
650 |a Literatura Griega -  |x Historia y Crítica 
650 |a Literatura Griega 
650 |a Literatura Clásica -  |x Historia y Crítica 
650 |a Literatura Clásica 
650 |a Píndaro 
700 |a Puech, Aime  |e (semblanza y notas) 
910 |a Fondo General 
920 |a Impresos - Libros 
930 |a Libros Antiguos y Raros 
940 |a Literatura 
905 |a 108 
901 |a 0500275195  |b IT2  |c LRA  |u 20250526 
902 |a https://opac.biblio.iteso.mx/vufind/Record/000379761